New York Jets Players' Colleges - Statistics

General Stats
  • This quiz has been taken 107 times
  • The average score is 23 of 55
Answer Stats
Player College % Correct
Sam Darnold USC
94%
Ryan Kalil USC
94%
Chuma Edoga USC
94%
Leonard Williams USC
94%
Quinnen Williams Alabama
92%
CJ Mosley Alabama
92%
Jamal Adams LSU
81%
Le'Veon Bell Michigan State
81%
Jonotthan Harrison Florida
73%
Brian Poole Florida
73%
Marcus Maye Florida
73%
Braxton Berrios Miami
69%
Chris Herndon Miami
69%
Jordan Jenkins Georgia
65%
Tarell Basham Ohio
63%
Luke Falk Washington State
53%
Frankie Luvu Washington State
53%
Jamison Crowder Duke
48%
Thomas Hennessy Duke
48%
Robby Anderson Temple
47%
Nate Hairston Temple
47%
Blake Cashman Minnesota
44%
Trevon Wesco West Virginia
44%
Blessaun Austin Rutgers
43%
Ty Montgomery Stanford
42%
Henry Anderson Stanford
42%
Sam Ficken Penn State
41%
Demayrius Thomas Georgia Tech
38%
Kyle Phillips Tennessee
38%
Bilal Powell Louisville
37%
Joshua Bellamy Louisville
37%
Brandon Shell South Carolina
36%
Bronson Kaufusi BYU
34%
Harvey Langi BYU
34%
Jordan Willis Kansas State
34%
Kelechi Osemele Iowa State
33%
Alex Lewis Nebraska
31%
Matthias Farley Notre Dame
23%
Kelvin Beachum SMU
20%
Arthur Maulet Memphis
19%
Ryan Griffin UConn
19%
Folorunso Fatukasi UConn
19%
David Fales San Jose State
16%
Brian Winters Kent State
13%
Trumaine Johnson Montana
12%
John Franklin-Myers Stephen F. Austin
12%
Albert McClellan Marshall
10%
Neville Hewitt Marshall
10%
Darryl Roberts Marshall
10%
Steve McLendon Troy
7%
Trenton Cannon Virginia State
7%
Tom Compton South Dakota
6%
Daniel Brown James Madison
5%
Rontez Miles California (PA)
3%
Lachlan Edwards Sam Houston State
3%
No matching quizzes found
Score Distribution
Percent of People with Each Score
Percentile by Number Answered
Your Score History
You have not taken this quiz